Normal view
MARC view
Entry Personal Name
001 - CONTROL NUMBER
- control field: 59276
003 - CONTROL NUMBER IDENTIFIER
- control field: dpl
005 - DATE AND TIME OF LATEST TRANSACTION
- control field: 20231130154953.0
008 - FIXED-LENGTH DATA ELEMENTS
- fixed length control field: 231130|| aca||aabn | a|a d
040 ## - CATALOGING SOURCE
- Original cataloging agency: dpl
- Transcribing agency: dpl
100 ## - HEADING--PERSONAL NAME
- Personal name: Kumaresan, V
670 ## - SOURCE DATA FOUND
- Source citation: Work cat.: (dpl)199348: Ragland, Annie 59275, Mycology Plant Pathology & Lichenology/, 2014
